00470nam a2200193Ia 4500003000900000008004100009040001300050040001300063041000800076100001600084245008000100250001700180260001500197260000900212300001100221300001000232490000600242600002800248IT-RoPAU120407s9999 xx 000 0 und d aIT-RoPAU cIT-RoPAU aesp aIgnace Lepp aLa nueva tierra. Teilhard de Chardin y el cristianismo en el mundo moderno. aBuenos Aires aC. Lohlé c1963 a198 p. c19 cm v1 a1. Teilhard de Chardin.